=LDR 00000nam 2200000 4500 =001 INLIS000000000001979 =005 20130612090344 =008 ***********************************Ind** =035 ##$$0010-061300000001979 =041 ##$$a Ind =082 ##$$a 720.095 984 2 =090 ##$$a 720.095 984 2, Elb a =100 ##$$a Elbas, Lambertus =245 ##$$a Arsitektur tradisionla daerah Kalimantan Tengah, Drs. Lambertus Elbas, Drs. Akhya Ahmad =250 ##$$a Ahmad, Akhya =260 ##$$a 1981 $b Jakarta =300 ##$$a viii, 78 hlm, ilus, 21 cm =650 ##$$a Arsitektur tradisional-Kalimantan Tengah =850 ##$$a NBPNMAT